000 01958nam a2200265Ia 4500
003 Ost
005 20260507075321.0
008 260507s9999||||xx |||||||||||||| ||und||
020 _a70888199579
040 _cfsecg
041 _aara
082 _a338.542
100 _aالدليمي، حمد فواز
_eمؤلف
245 0 _aإدارة الأزمات الدولية المالية و الاقتصادية /
_c حمد فواز الدليمي
260 _aعمان:
_bدار جليس الزمان للنشر والتوزيع,
_c2011
300 _a257 صفحة؛
_bإيضاحات ؛
_c25 سم
504 _aببليوغرافيا: ص.249
520 _aالمقدمة - الفصل الأول : ماهية الأزمات الدولية – الفصل الثانى : تشخيص اسباب الازمة الاقتصادية العالمية والامريكية – الفصل الثالث : الأزمات الدولية – الفصل الرابع : مقترحات لمعالجة الازمة المالية الدولية فى أمريكا – الفصل الخامس : المتغيرات المالية فى الازمة الدولية – الفصل السادس : صندوق النقد الدولى ودوره فى الازمات المالية – الفصل السابع : اضطراب الاسواق المالية العالمية – الفصل الثامن : أزمة المخالفات المصرفية والطرق الكفيلة لمعالجتها – الفصل التاسع : أزمة الدين العام الدولية وكيفية معالجتها – الفصل العاشر : أزمة الفساد المالى الدولى وكيفية علاجها
653 _aإدارة الأزمات
653 _aالإدارة
653 _aالأزمات الاقتصادية
653 _aالازمات الاقتصادية ــ إدارة
700 _aدودين، أحمد يوسف
_eمؤلف ثانوي
942 _cكتاب
999 _c43926
_d43926